Sports Quiz

Random Sports Quiz

Stanley Cup Champions by Year Quiz Stats

 Plays Quiz not verified by Sporcle

Challenge
Share
Tweet
Embed
Score 0/50 Timer 05:00
0 Plays Today
Year Winner % Correct
2013CHICAGO BLACKHAWKS
100%
2010CHICAGO BLACKHAWKS
100%
2014LOS ANGELES KINGS
96.3%
2012LOS ANGELES KINGS
96.3%
2009PITTSBURGH PENGUINS
96.3%
2008DETROIT RED WINGS
96.3%
2002DETROIT RED WINGS
96.3%
1998DETROIT RED WINGS
96.3%
1997DETROIT RED WINGS
96.3%
1994NEW YORK RANGERS
96.3%
1993MONTREAL CANADIENS
96.3%
1992PITTSBURGH PENGUINS
96.3%
1991PITTSBURGH PENGUINS
96.3%
1989CALGARY FLAMES
96.3%
1986MONTREAL CANADIENS
96.3%
1979MONTREAL CANADIENS
96.3%
1978MONTREAL CANADIENS
96.3%
1977MONTREAL CANADIENS
96.3%
1976MONTREAL CANADIENS
96.3%
1973MONTREAL CANADIENS
96.3%
1971MONTREAL CANADIENS
96.3%
1969MONTREAL CANADIENS
96.3%
1968MONTREAL CANADIENS
96.3%
1966MONTREAL CANADIENS
96.3%
1965MONTREAL CANADIENS
96.3%
Year Winner % Correct
2011BOSTON BRUINS
94.4%
2003NEW JERSEY DEVILS
94.4%
2000NEW JERSEY DEVILS
94.4%
1995NEW JERSEY DEVILS
94.4%
1983NEW YORK ISLANDERS
94.4%
1982NEW YORK ISLANDERS
94.4%
1981NEW YORK ISLANDERS
94.4%
1980NEW YORK ISLANDERS
94.4%
1972BOSTON BRUINS
94.4%
1970BOSTON BRUINS
94.4%
2006CAOLINA HURRICANES
92.6%
1999DALLAS STARS
92.6%
1990EDMONTON OILERS
92.6%
1988EDMONTON OILERS
92.6%
1987EDMONTON OILERS
92.6%
1985EDMONTON OILERS
92.6%
1984EDMONTON OILERS
92.6%
1967TORONTO MAPLE LEAFS
92.6%
2004TAMPA BAY LIGHTNING
90.7%
2007ANAHEIM DUCKS
88.9%
2001COLORADO AVALANCHE
88.9%
1996COLORADO AVALANCHE
88.9%
1975PHILADELPHIA FLYERS
88.9%
1974PHILADELPHIA FLYERS
88.9%
2015CHICAGO BLACKHAWKS
50%

You're not logged in!

Compare scores with friends on all Sporcle quizzes.
Join for Free
OR
Log In

You Might Also Like...

Show Comments

Extras

Created Jul 11, 2015ReportNominate
Tags:champion, cup, stanley, winner

Top Quizzes Today


Score Distribution

Your Account Isn't Verified!

In order to create a playlist on Sporcle, you need to verify the email address you used during registration. Go to your Sporcle Settings to finish the process.

Report this User

Report this user for behavior that violates our Community Guidelines.

Details: